Lehnice kaštieľ

Podrobná bibliografia
Hlavní autori: Csiba, Vincent (tex), Reško, Alexander (Autor, tex)
Ďalší autori: Bíró, Béla (fot)
Médium: Kniha
Jazyk:slovenčina
Fyzický popis:16 s. čiernobiele a fareb. fotogr., mp. 17x12 cm
Vydavateľské údaje: Komárno Komárňanské tlačiarne a vydavateľstvo 1995
ISBN:8088804108
Edícia:Malá vlastivedná knižnica
Predmet:

MARC

LEADER 00000nam a2200000 a 4500
001 vtls001059201
003 SK-MaSNL
005 20260331202801.0
008 251113s1995 xo ba yy 0 slo
015 |a SNBE1996/0100604 
020 |a 8088804108 
035 |a SNK000002019 
040 |a SNK  |b slo  |c SNK  |e AACR2 
041 0 |a slo 
044 |a xo  |c SK 
080 |a 908.437.615:728.8(083.9)  |2 1981 
080 |a 728.8  |2 1981 
100 1 |a Csiba, Vincent  |4 tex  |9 43228 
245 1 0 |a Lehnice  |b kaštieľ  |c [Vincent Csiba, Alexander Reško ; foto Bíró Béla] 
260 |a Komárno  |b Komárňanské tlačiarne a vydavateľstvo  |c 1995 
300 |a 16 s.  |b čiernobiele a fareb. fotogr., mp.  |c 17x12 cm 
490 1 |a Malá vlastivedná knižnica  |v č. 7 
500 |a Údaje o zodp. doplnené z textu a z tiráže 
500 |a 5000 výt. 
504 |a Obsahuje bibliogr. odkazy 
610 1 7 |a Lehnice (Slovensko : novší kaštieľ)  |2 SNK  |9 32260 
650 0 7 |a kultúrne pamiatky  |2 SNK  |9 2862 
650 0 7 |a kaštiele  |2 SNK  |9 28599 
651 7 |a 5202  |2 SNK  |9 277881 
651 7 |a Lehnice (Slovensko)  |2 SNK  |9 163580 
655 7 |a bulletiny  |2 SNK  |9 70453 
700 1 |a Reško, Alexander  |4 aut  |4 tex  |9 12942 
700 1 |a Bíró, Béla  |4 fot  |9 42914 
830 0 |a Malá vlastivedná knižnica  |9 276523 
919 |a 80-88804-10-8 
958 |a BQ 
958 |a TL 
999 |c 703785  |d 705715 
952 |t P60, <09>, [BOOK], {629}  |a SNK  |b SNK  |y NEVYP  |7 0  |o snkD 281  |i snk2984/950914  |0 0  |1 0  |4 0  |d 1995-09-13  |l 0  |r 2004-12-31 00:00:00  |w 2026-02-23 
952 |t P60, <04>, [BOOK], {604}  |a SNK  |b SNK  |y VYP  |7 0  |o snkOSD 7693 D1  |i snkKSP 8210/95  |0 0  |1 0  |4 0  |d 1995-09-13  |l 0  |r 2004-12-31 00:00:00  |w 2026-02-23 
952 |t P60, <03>, [BOOK], {603}  |a SNK  |b SNK  |y PREZ  |7 0  |o snkOSD 7693  |i snkKSP 8209/95  |0 0  |1 0  |4 0  |d 1995-09-13  |l 0  |r 2004-12-31 00:00:00  |w 2026-02-23